Villes du littoral Atlantique - Click Quiz - Statistiques

Statistiques générales
  • Ce quiz a été pris 141 fois
  • Le résultat moyen est 26 sur 40
Statistiques - réponses
Hint Réponse % Correct
Brest Finistère
95%
Vannes Morbihan
90%
Saint-Nazaire Loire-Atlantique
89%
La Rochelle Charente-Maritime
84%
Lorient Morbihan
83%
Arcachon Gironde
82%
Hendaye Pyrenées-Atlantiques
79%
Royan Charente-Maritime
78%
Douarnenez Finistère
77%
Les Sables-d'Olonne Vendée
76%
Concarneau Finistère
73%
Ouessant Finistère
71%
La Baule-Escoublac Loire-Atlantique
71%
Saint-Gilles-Croix-de-Vie Vendée
71%
Fouras Charente-Maritime
69%
Pornic Loire-Atlantique
69%
Urrugne Pyrenées-Atlantiques
69%
Anglet Pyrenées-Atlantiques
68%
Quiberon Morbihan
66%
La Teste-de-Buch Gironde
65%
Saint-Jean-de-Monts Vendée
65%
Landerneau Finistère
64%
Biscarosse Landes
64%
Lège-Cap-Ferret
Gironde
61%
Île-de-Sein Finistère
60%
Le Croisic Loire-Atlantique
60%
Noirmoutier-en-l'Île Vendée
60%
Ciboure Pyrenées-Atlantiques
55%
Île-d'Aix Charente-Maritime
54%
Capbreton Landes
54%
L'Île-d'Yeu Vendée
53%
Île-Molène Finistère
50%
Lacanau Gironde
50%
Île-aux-Moines Morbihan
50%
Ploemer Morbihan
49%
Groix Morbihan
45%
Lanester Morbihan
43%
Châtelaillon-Plage Charente-Maritime
41%
La Tremblade Charente-Maritime
32%
Le Bono Morbihan
22%
Aucun quiz correspondant
Distribution des résultats
% des personnes avec chaque résultat
Percentile par nombre de réponses
Votre historique - résultats
Vous n’avez pas pris ce quiz